000 00931nam a2200265 4500
999 _c64221
_d64221
005 20240530110720.0
008 180321s2016 ua a g b 000 0 ara d
017 _a2016/2411
_bمصر. دار الكتب
020 _a9789773804909
040 _aEG-CaGPL
_cEG-CaGPL
082 0 4 _221
_a353.96\
_bأ أ
100 0 _aاحمد زكى حلمى
245 1 2 _aالامن الصناعى /
_bتأليف احمد زكى حلمى .
250 _aط.1
260 _aالقاهرة :
_bدار العلوم للنشر والتوزيع،
_c2016 .
300 _a160 ص. ؛
_c24 سم.
650 0 7 _2qrmak
_aالامن الصناعى
650 0 7 _2qrmak
_aالوقاية الصناعة
650 0 7 _2qrmak
_aالصحة المهنية
650 0 7 _2qrmak
_aالحوادث الصناعية
650 0 7 _2qrmak
_aالامراض المهنية
651 _2qrmak
942 _2ddc
_cBK